00641nam a22001817a 4500010002500000020002600025035002300051037001300074037001200087082001800099100001700117245012600134260003900260270007100299300003600370500005000406700000300456 aENG-102777 B-454015 a9788125042013c395.00 aEN-86309 B-454015 bDBAD/PUB bRBC/Ven a305.800954912 aKnudsen, are aViolence and belonging :cby Are Knudsenbland, love and lethal conflict in the nortwest frontier province of Pakistan / aNew DelhibOrient Blackswan c2011 a1/24, Asaf Ali Road bNew Delhie110002mdelhi@orientblackswan.com axxviii,224p.:c24cm (pbk) bmap aIncludes bibliographical references and index